000 00220 a2200097 4500
001 49627
100 _aChaudhori
245 _aA Pessage to England
260 _aNewyourk
_bE P dutton & Company
_c
090 _c32143
_d32143
942 _aNUST-CAE
_cM
_c24607
999 _c284700
_d284700